| 000 | 00945nam a2200289 i 4500 | ||
|---|---|---|---|
| 999 |
_c2696 _d2696 |
||
| 001 | 022303374 | ||
| 003 | UkOxU | ||
| 005 | 20230810153539.0 | ||
| 008 | 200309s2020 enka j 001|0|eng|d | ||
| 020 |
_a9780198494669 _qpaperback |
||
| 035 | _a(Uk)019750670 | ||
| 040 |
_aStDuBDS _beng _erda _cStDuBDS _dUkOxU _dKH8 |
||
| 082 | 0 | 4 | _a941.082 WIL |
| 100 | 1 |
_aWilkes, A. _q(Aaron), _eauthor. |
|
| 245 | 1 | 0 |
_aTechnology, war and independence : _b1901-present day. _pStudent book / _cAaron Wilkes. |
| 250 | _aFourth edition. | ||
| 264 | 1 |
_aOxford : _bOxford University Press, _c2020. |
|
| 300 |
_a230 pages : _billustrations ; _c8.66 x 0.45 x 10.91 inches. |
||
| 336 |
_atext _2rdacontent |
||
| 337 |
_aunmediated _2rdamedia |
||
| 338 |
_avolume _2rdacarrier |
||
| 500 | _aPrevious edition: 2015. | ||
| 500 | _aIncludes index. | ||
| 521 | 2 | _aKey Stage 3. | |
| 651 | 0 |
_aGreat Britain _xHistory _y20th century _vJuvenile literature. |
|
| 942 |
_2ddc _cTR |
||